| 000 | 00705nam a2200169 4500 | ||
|---|---|---|---|
| 005 | 20260610111152.0 | ||
| 008 | 260610b |||||||| |||| 00| 0 eng d | ||
| 040 | _cUE-CL | ||
| 082 |
_a532.053 _bN9174 |
||
| 100 |
_aMuhammad Imran Zahid, _bMS Mathematics, _c2023-2025. _dSupervised by Dr. Abid Hussain |
||
| 245 |
_aNumerical investigation of heat transfer flow of micropolar nanofluid in the presence of porous dissipation and thermal radiation _c/ Muhammad Imran Zahid |
||
| 260 |
_aMultan , _bDepartment of Mathematics, Multan Campus, University of Education, _c2025 |
||
| 300 | _a99 p. | ||
| 546 | _aEnglish | ||
| 650 | _aNumerical Investigation--Micropolar Nanofluid--Porous Dissipation | ||
| 942 | _cTH | ||
| 999 |
_c27095 _d27094 |
||